Statistics for geometry dash

Click here to take the quiz!

General Stats

  • This quiz has been taken 80 times
  • The average score is 8 of 8

Answer Stats

HintAnswer% Correct
stereo madness1
100%
cube fight (auto)1
100%
back on track2
100%
level easy3
100%
bloodlust10
92%
maze rooms (gdps demon)10
92%
firework10
92%
deadlocked15
90%

Score Distribution

Percentile by Number Answered

Percent of People with Each Score

Your Score History

You have not taken this quiz